[Event "DEM U18w 2014"]
[Site "Magdeburg GER"]
[Date "2014.06.08"]
[Round "1"]
[White "Rahimi, Rozafa"]
[Black "Schmalhorst, Sophia"]
[Result "1/2-1/2"]
[Termination "normal"]
[Board "2"]
[WhiteElo "1669"]
[BlackElo "1917"]
[WhiteClock "00:10:26"]
[BlackClock "00:04:14"]
[PlyCount "101"]
[WhiteFideId "24692280"]
[BlackFideId "24682497"]
[EventCountry "GER"]
[EventRounds "9"]
[EventType "swiss"]
[EventDate "2014.06.07"]

1. d4 Nf6 2. Bf4 e6 3. Nf3 c5 4. c3 Nc6 5. e3 d5 6. Nbd2 Be7 7. Bd3 Bd7 8. Rc1
O-O 9. O-O Qb6 10. b3 Rac8 11. h3 cxd4 12. exd4 Na5 13. Qe2 a6 14. a4 Ba3 15.
Rc2 Be7 16. Ne5 Nc6 17. Bg5 Qc7 18. f4 Qd8 19. Qf3 Ne8 20. Qh5 g6 21. Qh6 Nxe5
22. dxe5 Ng7 23. g4 Bxg5 24. fxg5 Bc6 25. Qh4 Qb6+ 26. Qf2 Qxf2+ 27. Kxf2 b5
28. axb5 Bxb5 29. c4 dxc4 30. bxc4 Rfd8 31. Ke3 Bc6 32. Ra1 Bb7 33. Ne4 Ne8 34.
Ra5 Bxe4 35. Bxe4 Nc7 36. Rd2 Rxd2 37. Kxd2 Rd8+ 38. Ke3 Rd1 39. Ra2 Re1+ 40.
Kd4 Kf8 41. Bb7 Rf1 42. Kc5 Re1 43. Kb6 Rxe5 44. Kxc7 Rc5+ 45. Kd6 Rxc4 46.
Rxa6 Rc3 47. Bg2 Rc2 48. Bc6 Rc3 49. Ke5 Kg7 50. Bg2 Rc2 51. Bc6 1/2-1/2

[Event "DEM U18w 2014"]
[Site "Magdeburg GER"]
[Date "2014.06.08"]
[Round "1"]
[White "Spiegelberg, Silvia"]
[Black "Döpper, Anna Bérénice"]
[Result "1-0"]
[Termination "normal"]
[Board "3"]
[WhiteElo "1925"]
[BlackElo "1576"]
[WhiteClock "00:11:10"]
[BlackClock "00:10:26"]
[PlyCount "63"]
[WhiteFideId "24654450"]
[BlackFideId "1271853"]
[EventCountry "GER"]
[EventRounds "9"]
[EventType "swiss"]
[EventDate "2014.06.07"]

1. e4 e6 2. d4 d5 3. exd5 exd5 4. Nf3 Nf6 5. c4 Bb4+ 6. Bd2 Bxd2+ 7. Nbxd2 O-O
8. Be2 c6 9. O-O Be6 10. c5 Nbd7 11. Bd3 b6 12. b4 b5 13. Ng5 Re8 14. f4 Nf8
15. Ndf3 h6 16. Nxe6 Nxe6 17. Bc2 Qc7 18. Ne5 Nf8 19. a4 a6 20. Rf3 N8h7 21.
Rfa3 Qb7 22. Qf3 Nf8 23. Qg3 Ne6 24. Qf2 Nh5 25. f5 Ng5 26. Qh4 Nf6 27. Ng4
Nxg4 28. Qxg4 Ne4 29. Rh3 Kh8 30. Rf1 Qd7 31. Qf4 Ng5 32. Qxg5 1-0

[Event "DEM U18w 2014"]
[Site "Magdeburg GER"]
[Date "2014.06.08"]
[Round "1"]
[White "Tettmann, Ann-Kathrin"]
[Black "Berger, Nadja"]
[Result "0-1"]
[Termination "normal"]
[Board "4"]
[WhiteElo "1802"]
[BlackElo "1797"]
[WhiteClock "00:10:31"]
[BlackClock "00:07:52"]
[PlyCount "84"]
[WhiteFideId "12945676"]
[BlackFideId "24692212"]
[EventCountry "GER"]
[EventRounds "9"]
[EventType "swiss"]
[EventDate "2014.06.07"]

1. c4 Nf6 2. Nc3 e6 3. d3 d5 4. cxd5 exd5 5. Bg5 d4 6. Bxf6 Qxf6 7. Ne4 Bb4+ 8.
Nd2 O-O 9. Ngf3 c5 10. Qc2 Re8 11. O-O-O Bxd2+ 12. Rxd2 Bf5 13. Kb1 Nd7 14. Qb3
Nb6 15. Ka1 Rac8 16. Qd1 Rc7 17. g3 Rec8 18. e4 Bg4 19. Be2 Bxf3 20. Bxf3 c4
21. e5 Qxe5 22. Re1 Qb5 23. dxc4 Qxc4 24. Be4 Qb4 25. Rc2 Rxc2 26. Bxc2 g6 27.
Re4 Qc5 28. Bb1 Rd8 29. Rf4 Qd6 30. Rf3 Nd7 31. Bd3 Ne5 32. Rf4 Rc8 33. Kb1 Qc5
34. a3 a6 35. h4 Kg7 36. h5 Qc1+ 37. Qxc1 Rxc1+ 38. Kxc1 Nxd3+ 39. Kd2 Nxf4 40.
h6+ Kxh6 41. gxf4 Kh5 42. Kd3 Kg4 0-1

[Event "DEM U18w 2014"]
[Site "Magdeburg GER"]
[Date "2014.06.08"]
[Round "1"]
[White "Diederichs, Luise"]
[Black "Paliy, Margaryta"]
[Result "1-0"]
[Termination "normal"]
[Board "5"]
[WhiteElo "1970"]
[BlackElo "1620"]
[WhiteClock "01:20:26"]
[BlackClock "01:09:42"]
[PlyCount "39"]
[WhiteFideId "24661597"]
[BlackFideId "24692417"]
[EventCountry "GER"]
[EventRounds "9"]
[EventType "swiss"]
[EventDate "2014.06.07"]

1. c4 e5 2. Nc3 Nf6 3. g3 Nc6 4. Bg2 Bc5 5. e4 O-O 6. Nge2 d6 7. h3 Be6 8. d3
h6 9. O-O Qd7 10. Kh2 Rad8 11. f4 Qc8 12. f5 Bd7 13. Nd5 Nxd5 14. cxd5 Nd4 15.
Nxd4 Bxd4 16. f6 Kh7 17. fxg7 Kxg7 18. Qh5 Rh8 19. Rxf7+ Kg8 20. Qg6# 1-0

[Event "DEM U18w 2014"]
[Site "Magdeburg GER"]
[Date "2014.06.08"]
[Round "1"]
[White "Schlichter, Lisa"]
[Black "Winterholler, Christina"]
[Result "0-1"]
[Termination "normal"]
[Board "6"]
[WhiteElo "1654"]
[BlackElo "1958"]
[WhiteClock "00:05:14"]
[BlackClock "00:08:25"]
[PlyCount "66"]
[WhiteFideId "12926396"]
[BlackFideId "24652105"]
[EventCountry "GER"]
[EventRounds "9"]
[EventType "swiss"]
[EventDate "2014.06.07"]

1. e4 e5 2. Nf3 Nc6 3. Nc3 Nf6 4. d4 Bb4 5. d5 Ne7 6. Bd3 d6 7. Bd2 O-O 8. Qe2
Re8 9. h3 Ng6 10. g3 c6 11. Bc4 Bxc3 12. Bxc3 cxd5 13. exd5 a6 14. O-O-O b5 15.
Bb3 a5 16. a4 b4 17. Bd2 Ba6 18. Qe1 e4 19. Nd4 Ne5 20. Be3 Rc8 21. Kb1 Qd7 22.
g4 Nf3 23. Nxf3 exf3 24. Qd2 Ne4 25. Qd4 Be2 26. Rc1 Nc5 27. Qf4 Nxa4 28. Rhe1
Nc5 29. Ba2 b3 30. Bxb3 Nxb3 31. cxb3 Bd3+ 32. Ka2 Rxc1 33. Rxc1 Re4 0-1

[Event "DEM U18w 2014"]
[Site "Magdeburg GER"]
[Date "2014.06.08"]
[Round "1"]
[White "Sherif, Amina"]
[Black "Krauße, Vanessa"]
[Result "1-0"]
[Termination "normal"]
[Board "7"]
[WhiteTitle "CM"]
[WhiteElo "1754"]
[BlackElo "1587"]
[WhiteClock "00:06:06"]
[BlackClock "00:48:00"]
[PlyCount "87"]
[WhiteFideId "12911690"]
[BlackFideId "12937991"]
[EventCountry "GER"]
[EventRounds "9"]
[EventType "swiss"]
[EventDate "2014.06.07"]

1. e4 c5 2. Nc3 Nc6 3. g3 g6 4. Bg2 d6 5. Nge2 Bg7 6. d3 Nf6 7. O-O O-O 8. h3
Bd7 9. f4 a6 10. g4 b5 11. Ng3 e6 12. f5 exf5 13. exf5 Qb6 14. g5 Ne8 15. Nd5
Qd8 16. f6 Bh8 17. Ne7+ Nxe7 18. fxe7 Qxe7 19. Bxa8 Bxh3 20. Bg2 Bxg2 21. Kxg2
Be5 22. Qf3 Ng7 23. Ne4 Nh5 24. Nf6+ Nxf6 25. gxf6 Qe6 26. c3 Re8 27. Bg5 b4
28. Rfe1 bxc3 29. bxc3 Qd7 30. Bd2 Qd8 31. Re2 Re6 32. Bg5 Qe8 33. Rb1 h5 34.
Reb2 Kh7 35. Rb8 Qa4 36. Kf1 d5 37. R8b7 Kg8 38. Qxd5 Bxf6 39. Qf3 Kg7 40. Kg1
Qxa2 41. Rf1 a5 42. Bxf6+ Kg8 43. Rb8+ Kh7 44. Rh8# 1-0

[Event "DEM U18w 2014"]
[Site "Magdeburg GER"]
[Date "2014.06.08"]
[Round "1"]
[White "Wulf, Constanze"]
[Black "Lagunow, Elina"]
[Result "0-1"]
[Termination "normal"]
[Board "8"]
[WhiteElo "1623"]
[BlackElo "1795"]
[PlyCount "56"]
[WhiteFideId "24692379"]
[BlackFideId "4673387"]
[EventCountry "GER"]
[EventRounds "9"]
[EventType "swiss"]
[EventDate "2014.06.07"]

1. d4 Nf6 2. c4 g6 3. Nc3 Bg7 4. e4 d6 5. Nf3 O-O 6. Be2 c5 7. d5 e6 8. O-O
exd5 9. cxd5 Re8 10. Qc2 Bg4 11. h3 Bxf3 12. gxf3 Nbd7 13. f4 a6 14. a4 Qe7 15.
Bf3 c4 16. Be3 b6 17. Rfe1 Rab8 18. Bd4 Nc5 19. Bxc5 bxc5 20. e5 dxe5 21. fxe5
Nd7 22. e6 Qg5+ 23. Kf1 fxe6 24. Rxe6 Ne5 25. Rxe8+ Rxe8 26. Ne4 Qf5 27. Bg4
Nxg4 28. hxg4 Qxe4 0-1

[Event "DEM U18w 2014"]
[Site "Magdeburg GER"]
[Date "2014.06.08"]
[Round "1"]
[White "Steimbach, Isabel"]
[Black "Gast, Antonia"]
[Result "1-0"]
[Termination "normal"]
[Board "9"]
[WhiteElo "1775"]
[BlackElo "1699"]
[PlyCount "131"]
[WhiteFideId "24692174"]
[BlackFideId "12929336"]
[EventCountry "GER"]
[EventRounds "9"]
[EventType "swiss"]
[EventDate "2014.06.07"]

1. e4 c5 2. Nf3 Nf6 3. e5 Nd5 4. c3 e6 5. Bc4 d6 6. d4 cxd4 7. cxd4 Nc6 8. O-O
Be7 9. Nc3 Nb6 10. Bd3 O-O 11. exd6 Bxd6 12. Be3 Bd7 13. Ng5 h6 14. Nh7 Bxh2+
15. Kxh2 Qh4+ 16. Kg1 Rfe8 17. g3 Qh3 18. Ne4 Nd5 19. Qf3 f5 20. Nd6 Nxe3 21.
fxe3 Nb4 22. Nxe8 Rxe8 23. Bb1 Rc8 24. Qg2 Qg4 25. a3 Bc6 26. Qh2 Nd5 27. Ba2
Kxh7 28. Bxd5 Bxd5 29. Rf4 Qg5 30. Qh4 Qg6 31. Raf1 Rc2 32. R4f2 f4 33. Qxf4
Rxf2 34. Rxf2 Qb1+ 35. Rf1 Qc2 36. e4 Bxe4 37. Qf2 Qd3 38. Kh2 Bd5 39. Re1 Qg6
40. Kg1 Qg4 41. Re2 Qh3 42. Qh2 Qg4 43. Qf2 Qh3 44. Qf4 Qh1+ 45. Kf2 Bc4 46.
Qe4+ Qxe4 47. Rxe4 g5 48. b4 Kg6 49. g4 Kf6 50. Kg3 a6 51. Re1 b5 52. Rh1 Kg6
53. Kf2 Bd5 54. Rh2 Bc4 55. Ke3 Bd5 56. Ke2 Be4 57. Rf2 Bc6 58. Ke3 Bd5 59. Rc2
Bc4 60. Ke4 h5 61. gxh5+ Kxh5 62. Kf3 Kg6 63. Rh2 Kf5 64. Rh7 g4+ 65. Ke3 e5
66. Rh5+ 1-0

[Event "DEM U18w 2014"]
[Site "Magdeburg GER"]
[Date "2014.06.08"]
[Round "1"]
[White "Triantafillidis, Zoe"]
[Black "Siegl, Melina"]
[Result "0-1"]
[Termination "normal"]
[Board "10"]
[WhiteElo "1721"]
[BlackElo "1790"]
[PlyCount "52"]
[WhiteFideId "12900150"]
[BlackFideId "1272126"]
[EventCountry "GER"]
[EventRounds "9"]
[EventType "swiss"]
[EventDate "2014.06.07"]

1. e4 e6 2. d4 d5 3. Nc3 h6 4. Bd3 Nc6 5. Nf3 Nb4 6. O-O Nxd3 7. Qxd3 Nf6 8.
Re1 Be7 9. exd5 exd5 10. Qe2 c6 11. Ne5 Be6 12. Be3 O-O 13. f3 Bd6 14. Nd1 Qc7
15. f4 Ne4 16. Nf2 Bf5 17. g3 f6 18. Ned3 Qf7 19. c3 Rfe8 20. Qf3 Re7 21. Qg2
Rae8 22. Nxe4 Bxe4 23. Qd2 Qh5 24. Qd1 Bf3 25. Qd2 Qh3 26. Nf2 Qg2# 0-1

[Event "DEM U18w 2014"]
[Site "Magdeburg GER"]
[Date "2014.06.08"]
[Round "1"]
[White "Kreitmeier, Anika"]
[Black "Halas, Lena"]
[Result "0-1"]
[Termination "normal"]
[Board "12"]
[WhiteElo "1332"]
[BlackElo "1672"]
[PlyCount "84"]
[WhiteFideId "12991775"]
[BlackFideId "12931799"]
[EventCountry "GER"]
[EventRounds "9"]
[EventType "swiss"]
[EventDate "2014.06.07"]

1. e4 c6 2. d4 d5 3. Nc3 dxe4 4. Nxe4 Bf5 5. Ng3 Bg6 6. Nf3 Nd7 7. Bd3 Bxd3 8.
Qxd3 Ngf6 9. O-O e6 10. Bf4 Nd5 11. Bd2 Qc7 12. Rfe1 Be7 13. c4 N5f6 14. Rac1
h6 15. Ne4 O-O 16. Bc3 Rad8 17. h3 Nc5 18. Nxc5 Bxc5 19. Qc2 Be7 20. Rcd1 c5
21. Qe2 cxd4 22. Bxd4 b6 23. Be5 Qc5 24. b3 Rxd1 25. Rxd1 Rd8 26. Rxd8+ Bxd8
27. Qd2 Be7 28. Bd4 Qf5 29. Ne5 Bd6 30. Qe1 Qc2 31. Qa1 Qe4 32. Nf3 Nh5 33. Qe1
Qc2 34. Qa1 f6 35. Be3 Qd3 36. Qc1 e5 37. Ne1 Qe2 38. Qd2 Qxd2 39. Bxd2 Bc5 40.
Kf1 f5 41. Bc3 e4 42. f3 Ng3# 0-1

[Event "DEM U18w 2014"]
[Site "Magdeburg GER"]
[Date "2014.06.08"]
[Round "2"]
[White "Lagunow, Elina"]
[Black "Kuckling, Hannah"]
[Result "0-1"]
[Termination "normal"]
[Board "1"]
[WhiteElo "1795"]
[BlackElo "1972"]
[PlyCount "120"]
[WhiteFideId "4673387"]
[BlackFideId "24603660"]
[EventCountry "GER"]
[EventRounds "9"]
[EventType "swiss"]
[EventDate "2014.06.07"]

1. e4 c5 2. Nf3 e6 3. c3 d5 4. exd5 exd5 5. d4 Nf6 6. Bd3 Be7 7. O-O O-O 8. h3
Nc6 9. Bf4 Qb6 10. Qc2 Re8 11. Be3 Qc7 12. Qd2 c4 13. Bc2 b5 14. a4 bxa4 15.
Bxa4 Ne4 16. Qc1 Bd7 17. Nbd2 f5 18. Bxc6 Bxc6 19. Nxe4 fxe4 20. Bf4 Qb7 21.
Ne5 Bf6 22. Re1 Re6 23. Qd2 Be8 24. Ra3 Rb6 25. Rb1 a5 26. b4 cxb3 27. c4 Bxe5
28. Bxe5 dxc4 29. Rxa5 Rxa5 30. Qxa5 Bg6 31. Qc5 Qc6 32. Qe7 Rb7 33. Qd8+ Be8
34. d5 Qd7 35. Qa8 h6 36. Rc1 Kh7 37. d6 Bf7 38. Qf8 Be6 39. Qf4 Qc6 40. Re1
Rf7 41. Qxe4+ Qxe4 42. Rxe4 Rd7 43. Re1 Bf5 44. Rc1 Bd3 45. f4 Kg6 46. g4 Kf7
47. h4 Ke6 48. Kf2 Rxd6 49. Bxg7 Kd5 50. g5 h5 51. Bb2 Re6 52. Re1 Rxe1 53.
Kxe1 Ke4 54. g6 Ke3 55. g7 Bh7 56. Kd1 Kd3 57. Kc1 c3 58. Ba3 b2+ 59. Bxb2
cxb2+ 60. Kxb2 Ke4 0-1

[Event "DEM U18w 2014"]
[Site "Magdeburg GER"]
[Date "2014.06.08"]
[Round "2"]
[White "Siegl, Melina"]
[Black "Spiegelberg, Silvia"]
[Result "1-0"]
[Termination "normal"]
[Board "2"]
[WhiteElo "1790"]
[BlackElo "1925"]
[PlyCount "97"]
[WhiteFideId "1272126"]
[BlackFideId "24654450"]
[EventCountry "GER"]
[EventRounds "9"]
[EventType "swiss"]
[EventDate "2014.06.07"]

1. e4 e5 2. Bc4 Nc6 3. Nf3 Bc5 4. c3 Nf6 5. d3 a6 6. Bb3 Ba7 7. h3 h6 8. Nbd2
O-O 9. Nf1 d5 10. Qe2 Be6 11. Bc2 b5 12. Ne3 dxe4 13. dxe4 Qe7 14. O-O Nh5 15.
Rd1 Nf4 16. Qe1 Rad8 17. Nd5 Nxd5 18. exd5 Rxd5 19. Be3 Bxe3 20. Qxe3 Rfd8 21.
Re1 Qf6 22. Be4 R5d6 23. Bxc6 Rxc6 24. Qxe5 Qxe5 25. Rxe5 Rcd6 26. Nd4 Bc4 27.
Rc5 R8d7 28. a4 Rb6 29. b3 Bd3 30. a5 Rg6 31. b4 Re7 32. Rd1 Be4 33. f3 Bb7 34.
Kf2 Rf6 35. Nf5 Re8 36. Rd7 Bc8 37. Ne7+ Kf8 38. Nxc8 Rxc8 39. Rdxc7 Rxc7 40.
Rxc7 Rd6 41. Ke3 g6 42. g3 Kg7 43. Ke4 Kf6 44. c4 bxc4 45. Rxc4 Re6+ 46. Kd5
Re5+ 47. Kd6 Rb5 48. Rc6 Kf5 49. Rc5+ 1-0

[Event "DEM U18w 2014"]
[Site "Magdeburg GER"]
[Date "2014.06.08"]
[Round "2"]
[White "Berger, Nadja"]
[Black "Sherif, Amina"]
[Result "0-1"]
[Termination "normal"]
[Board "3"]
[BlackTitle "CM"]
[WhiteElo "1797"]
[BlackElo "1754"]
[PlyCount "126"]
[WhiteFideId "24692212"]
[BlackFideId "12911690"]
[EventCountry "GER"]
[EventRounds "9"]
[EventType "swiss"]
[EventDate "2014.06.07"]

1. e4 d5 2. exd5 Qxd5 3. Nc3 Qd6 4. Bc4 Nf6 5. d3 a6 6. Nge2 e6 7. Ng3 Be7 8.
O-O O-O 9. Nce4 Nxe4 10. Nxe4 Qd8 11. Re1 Nd7 12. Qe2 Nf6 13. Kh1 b5 14. Bb3
Bb7 15. Ng5 Nd5 16. Nf3 Bf6 17. d4 Qd6 18. Ne5 Rac8 19. Bd2 c5 20. dxc5 Rxc5
21. Nd3 Rcc8 22. Rad1 Qc6 23. f3 Rfd8 24. Bc1 a5 25. Bxd5 Rxd5 26. c3 Qc4 27.
Nf4 Qxe2 28. Nxe2 Rcd8 29. Rxd5 Bxd5 30. a3 Bc4 31. Ng3 b4 32. axb4 axb4 33.
Ne4 Be7 34. Bf4 Bb5 35. Bc7 Rd7 36. Ba5 Bc6 37. cxb4 Bxe4 38. fxe4 Rd4 39. b5
Bb4 40. Bxb4 Rxb4 41. Rc1 Kf8 42. Kg1 Rxb5 43. Rc2 Ke7 44. Kf2 Rb3 45. e5 Kd7
46. Ke1 f6 47. Rd2+ Ke7 48. exf6+ gxf6 49. Kd1 e5 50. Kc2 Rb7 51. Kc3 Ke6 52.
b4 e4 53. Kc4 f5 54. g3 Ke5 55. Rd5+ Ke6 56. Rd2 Rc7+ 57. Kb5 Ke5 58. Kb6 Rc1
59. b5 e3 60. Rd8 Ke4 61. Re8+ Kf3 62. Rf8 e2 63. Rxf5+ Kg2 0-1

[Event "DEM U18w 2014"]
[Site "Magdeburg GER"]
[Date "2014.06.08"]
[Round "2"]
[White "Halas, Lena"]
[Black "Diederichs, Luise"]
[Result "0-1"]
[Termination "normal"]
[Board "4"]
[WhiteElo "1672"]
[BlackElo "1970"]
[PlyCount "78"]
[WhiteFideId "12931799"]
[BlackFideId "24661597"]
[EventCountry "GER"]
[EventRounds "9"]
[EventType "swiss"]
[EventDate "2014.06.07"]

1. e4 c5 2. Nf3 d6 3. d4 cxd4 4. Nxd4 Nf6 5. Nc3 a6 6. Bc4 e6 7. Bb3 b5 8. f3
Qb6 9. Be3 Nc6 10. Qd2 Qc7 11. O-O Be7 12. Rad1 O-O 13. Bg5 Nxd4 14. Qxd4 d5
15. Be3 dxe4 16. Nxe4 Nxe4 17. Qxe4 Bb7 18. Qg4 Bc5 19. Bxc5 Qxc5+ 20. Qd4 Qg5
21. Qd7 Bxf3 22. Qd2 Qxd2 23. Rxd2 Bh5 24. Rf4 Rfd8 25. Rfd4 Rxd4 26. Rxd4 Kf8
27. c3 Ke7 28. Bc2 Bg6 29. Bxg6 hxg6 30. Rd2 Rd8 31. Re2 f5 32. Kf2 Kf6 33. Ke3
e5 34. Rf2 e4 35. g4 Rd3+ 36. Ke2 Ke5 37. gxf5 gxf5 38. Rg2 Kf6 39. h4 Rh3 0-1

[Event "DEM U18w 2014"]
[Site "Magdeburg GER"]
[Date "2014.06.08"]
[Round "2"]
[White "Winterholler, Christina"]
[Black "Steimbach, Isabel"]
[Result "0-1"]
[Termination "normal"]
[Board "5"]
[WhiteElo "1958"]
[BlackElo "1775"]
[PlyCount "114"]
[WhiteFideId "24652105"]
[BlackFideId "24692174"]
[EventCountry "GER"]
[EventRounds "9"]
[EventType "swiss"]
[EventDate "2014.06.07"]

1. e4 c5 2. Nf3 d6 3. Bb5+ Bd7 4. Bxd7+ Qxd7 5. O-O Nf6 6. e5 dxe5 7. Nxe5 Qc8
8. Qf3 e6 9. b3 Nbd7 10. Bb2 Be7 11. Na3 O-O 12. c4 Rd8 13. Rad1 a6 14. Rfe1
Qc7 15. Qh3 Nxe5 16. Bxe5 Qa5 17. Nb1 Qxa2 18. Qc3 b5 19. d3 b4 20. Qb2 Qxb2
21. Bxb2 Ra7 22. Re2 Rad7 23. Red2 Ne8 24. Kf1 Bg5 25. Re2 Rxd3 26. Rxd3 Rxd3
27. Be5 Rxb3 28. Nd2 Bxd2 29. Rxd2 f6 30. Bb8 Rc3 31. Ba7 Rxc4 32. Bb6 Kf8 33.
Ke2 f5 34. Kd1 Nf6 35. Rc2 Rxc2 36. Kxc2 Ke8 37. Bxc5 Nd5 38. Bd4 g6 39. Kb3 a5
40. Ka4 Ne7 41. Bc5 Nc6 42. f4 Kd7 43. Bf8 e5 44. fxe5 Nxe5 45. Bc5 Kc6 46. Bd4
Kd5 47. Ba1 Nc4 48. g3 Ke4 49. Kb3 Kd3 50. Bf6 Nd2+ 51. Kb2 a4 52. Be7 a3+ 53.
Ka1 Kc3 54. Bf6+ Kb3 55. h3 Nc4 56. Be7 a2 57. Bf6 Ne3 0-1

[Event "DEM U18w 2014"]
[Site "Magdeburg GER"]
[Date "2014.06.08"]
[Round "2"]
[White "Herbrig, Marie-Helen"]
[Black "Rahimi, Rozafa"]
[Result "1-0"]
[Termination "normal"]
[Board "7"]
[WhiteElo "1659"]
[BlackElo "1669"]
[PlyCount "99"]
[WhiteFideId "12900427"]
[BlackFideId "24692280"]
[EventCountry "GER"]
[EventRounds "9"]
[EventType "swiss"]
[EventDate "2014.06.07"]

1. e4 d5 2. exd5 Nf6 3. d4 Nxd5 4. c4 Nf6 5. Nc3 Bf5 6. Qf3 Qc8 7. Bf4 c6 8.
Qe3 e6 9. Nf3 Nbd7 10. Be2 Be7 11. h3 h5 12. Ne5 Nxe5 13. Bxe5 Qd8 14. Qg3 Bg6
15. Bd3 Bxd3 16. Qxd3 Bd6 17. Qg3 Bf8 18. O-O Rh6 19. Ne2 Ne4 20. Qe3 Nd6 21.
b3 Nf5 22. Qc3 Rg6 23. Nf4 Rg5 24. Rfe1 Bd6 25. d5 c5 26. dxe6 Bxe5 27. Qxe5
Nd4 28. exf7+ Kxf7 29. Qe3 Qf6 30. Qe4 Rb8 31. Re3 Nf3+ 32. Rxf3 Qxa1+ 33. Kh2
Kg8 34. Qe6+ Kh7 35. h4 Re5 36. Qg6+ Kg8 37. Ne6 Re1 38. Qf7+ Kh8 39. Qxh5+ Kg8
40. Qf7+ Kh8 41. Ng5 Qe5+ 42. g3 Qe8 43. Qf5 g6 44. Qf6+ Kg8 45. Nf7 Kh7 46.
Qf4 Qf8 47. Ng5+ Kg8 48. Qc7 Qxf3 49. Nxf3 Ree8 50. Ng5 1-0

[Event "DEM U18w 2014"]
[Site "Magdeburg GER"]
[Date "2014.06.08"]
[Round "2"]
[White "Döpper, Anna Bérénice"]
[Black "Wulf, Constanze"]
[Result "1/2-1/2"]
[Termination "normal"]
[Board "8"]
[WhiteElo "1576"]
[BlackElo "1623"]
[PlyCount "48"]
[WhiteFideId "1271853"]
[BlackFideId "24692379"]
[EventCountry "GER"]
[EventRounds "9"]
[EventType "swiss"]
[EventDate "2014.06.07"]

1. e4 c5 2. c3 Nf6 3. e5 Nd5 4. d4 cxd4 5. cxd4 d6 6. Nf3 Nc6 7. Bc4 dxe5 8.
dxe5 Ndb4 9. Qxd8+ Nxd8 10. Na3 Be6 11. Bb5+ Nbc6 12. O-O a6 13. Be2 g6 14. Nc4
b5 15. Na3 Bg7 16. Bf4 O-O 17. Nc2 Rc8 18. Rac1 Bg4 19. Rfe1 Ne6 20. Bg3 Bh6
21. Rcd1 Bxf3 22. Bxf3 Nxe5 23. Bxe5 Rxc2 24. Bc3 Bg7 1/2-1/2

[Event "DEM U18w 2014"]
[Site "Magdeburg GER"]
[Date "2014.06.08"]
[Round "2"]
[White "Paliy, Margaryta"]
[Black "Triantafillidis, Zoe"]
[Result "1-0"]
[Termination "normal"]
[Board "10"]
[WhiteElo "1620"]
[BlackElo "1721"]
[PlyCount "71"]
[WhiteFideId "24692417"]
[BlackFideId "12900150"]
[EventCountry "GER"]
[EventRounds "9"]
[EventType "swiss"]
[EventDate "2014.06.07"]

1. e4 c6 2. d4 d5 3. Nd2 dxe4 4. Nxe4 Bf5 5. Ng3 Bg6 6. h4 h6 7. h5 Bh7 8. Nf3
Nd7 9. Bd3 Bxd3 10. Qxd3 Ngf6 11. Bd2 e6 12. O-O-O Bd6 13. Ne4 Nxe4 14. Qxe4
Nf6 15. Qe2 Qc7 16. Ne5 O-O-O 17. f4 Rhe8 18. g4 Nd5 19. c4 f6 20. cxd5 cxd5+
21. Kb1 Qb6 22. Nf7 Ba3 23. Bb4 Bxb4 24. Nxd8 Kxd8 25. Qc2 Ke7 26. Qb3 Rc8 27.
a3 Ba5 28. Qxb6 Bxb6 29. Rc1 Rxc1+ 30. Rxc1 Bxd4 31. Rc7+ Kd6 32. Rxg7 Be3 33.
Rxb7 Bxf4 34. Rxa7 Kc5 35. Ra6 Bd6 36. b4+ 1-0

[Event "DEM U18w 2014"]
[Site "Magdeburg GER"]
[Date "2014.06.08"]
[Round "2"]
[White "Tobianski, Karina"]
[Black "Schlichter, Lisa"]
[Result "1-0"]
[Termination "normal"]
[Board "11"]
[WhiteElo "1450"]
[BlackElo "1654"]
[PlyCount "77"]
[WhiteFideId "12937746"]
[BlackFideId "12926396"]
[EventCountry "GER"]
[EventRounds "9"]
[EventType "swiss"]
[EventDate "2014.06.07"]

1. e4 c5 2. Nf3 Nc6 3. d4 cxd4 4. Nxd4 g6 5. c4 Bg7 6. Be3 Nf6 7. Nc3 O-O 8.
Be2 d6 9. O-O Bd7 10. Qd2 Ng4 11. Bxg4 Bxg4 12. f3 Bd7 13. Rfd1 Re8 14. Rac1
Ne5 15. b3 Rc8 16. Nd5 b6 17. Qe2 Nc6 18. Nb5 Be6 19. Qd2 Qd7 20. Nd4 Nxd4 21.
Bxd4 f5 22. Bxg7 Kxg7 23. Re1 fxe4 24. fxe4 Bf7 25. Rcd1 Kg8 26. e5 Be6 27.
exd6 Bxd5 28. Qxd5+ e6 29. Qe5 Rc5 30. Qg3 Rc6 31. Rd2 Rd8 32. Red1 Re8 33. Qe3
Kg7 34. Rf1 Rxd6 35. Qe5+ Kg8 36. Qxd6 Qg7 37. Qd7 Qxd7 38. Rxd7 e5 39. Rff7
1-0

[Event "DEM U18w 2014"]
[Site "Magdeburg GER"]
[Date "2014.06.08"]
[Round "2"]
[White "Krauße, Vanessa"]
[Black "Kreitmeier, Anika"]
[Result "1-0"]
[Termination "normal"]
[Board "12"]
[WhiteElo "1587"]
[BlackElo "1332"]
[PlyCount "109"]
[WhiteFideId "12937991"]
[BlackFideId "12991775"]
[EventCountry "GER"]
[EventRounds "9"]
[EventType "swiss"]
[EventDate "2014.06.07"]

1. e4 e5 2. Nf3 Nc6 3. d4 d5 4. Bb5 Nge7 5. Nxe5 dxe4 6. Nc3 Bf5 7. d5 Qd6 8.
dxc6 Qxd1+ 9. Nxd1 b6 10. O-O Rd8 11. Ne3 Be6 12. a4 g6 13. a5 Bg7 14. N5c4 O-O
15. axb6 axb6 16. Ra7 Rc8 17. Nxb6 Rb8 18. Nd7 Rxb5 19. Nxf8 Bxf8 20. Rxc7 Rb6
21. Rd1 Nxc6 22. b3 Nb4 23. Ba3 Ra6 24. Bxb4 Bxb4 25. Rd8+ Kg7 26. Rd4 Bf8 27.
Rxe4 Ra1+ 28. Nf1 Bf5 29. Ra4 Rd1 30. Raa7 Be6 31. Ra6 Bd7 32. Rca7 Bc5 33. Ra1
Rd5 34. Ne3 Rd6 35. Nc4 Rd4 36. Rc7 Bb4 37. Ne5 Bd6 38. Rxd7 Bxe5 39. Rxd4 Bxd4
40. Rd1 Bc3 41. Rd3 Bf6 42. c4 Be7 43. Rc3 Bb4 44. Rc2 Kf8 45. c5 Ke8 46. Rc4
Ba3 47. b4 Kd7 48. b5 Kc7 49. Kf1 Bb2 50. Ke2 Be5 51. h3 Bf6 52. Kd3 Kb7 53.
c6+ Kc7 54. b6+ Kxb6 55. c7 1-0

[Event "DEM U18w 2014"]
[Site "Magdeburg GER"]
[Date "2014.06.09"]
[Round "3"]
[White "Kuckling, Hannah"]
[Black "Sherif, Amina"]
[Result "0-1"]
[Termination "normal"]
[Board "1"]
[BlackTitle "CM"]
[WhiteElo "1972"]
[BlackElo "1754"]
[PlyCount "70"]
[WhiteFideId "24603660"]
[BlackFideId "12911690"]
[EventCountry "GER"]
[EventRounds "9"]
[EventType "swiss"]
[EventDate "2014.06.07"]

1. e4 c5 2. Nc3 d6 3. Bb5+ Bd7 4. Bxd7+ Qxd7 5. f4 Nc6 6. d3 g6 7. Nf3 Bg7 8.
O-O e6 9. Bd2 Nge7 10. Qe1 Nd4 11. Nxd4 cxd4 12. Ne2 O-O 13. Qf2 Rac8 14. Rac1
f5 15. Nxd4 e5 16. fxe5 fxe4 17. Qe3 dxe5 18. Nb3 exd3 19. cxd3 Nd5 20. Qxa7
Rxc1 21. Rxc1 Qf5 22. h3 Qxd3 23. Qxb7 e4 24. Re1 e3 25. Bb4 Nxb4 26. Qxb4 e2
27. Nd2 Bd4+ 28. Kh2 Bf2 29. Nf3 Bxe1 30. Nxe1 Qe3 31. Qc4+ Kg7 32. Qc7+ Rf7
33. Qb8 Qf4+ 34. Qxf4 Rxf4 35. Nf3 Rxf3 0-1

[Event "DEM U18w 2014"]
[Site "Magdeburg GER"]
[Date "2014.06.09"]
[Round "3"]
[White "Diederichs, Luise"]
[Black "Siegl, Melina"]
[Result "1-0"]
[Termination "normal"]
[Board "2"]
[WhiteElo "1970"]
[BlackElo "1790"]
[PlyCount "69"]
[WhiteFideId "24661597"]
[BlackFideId "1272126"]
[EventCountry "GER"]
[EventRounds "9"]
[EventType "swiss"]
[EventDate "2014.06.07"]

1. d4 e6 2. c4 b6 3. a3 Bb7 4. Nc3 f5 5. d5 Be7 6. g3 Bf6 7. Bg2 Ne7 8. Nh3 Ng6
9. O-O O-O 10. e4 Ne5 11. f4 Nxc4 12. e5 Nxe5 13. fxe5 Bxe5 14. dxe6 Bxg2 15.
Kxg2 dxe6 16. Qxd8 Rxd8 17. Bf4 Bd6 18. Rfe1 Bxf4 19. Nxf4 Rd2+ 20. Re2 Rxe2+
21. Ncxe2 Na6 22. Nxe6 Re8 23. N2f4 h6 24. h4 Kf7 25. Nd4 g5 26. hxg5 hxg5 27.
Nh3 Kg6 28. Rf1 c5 29. Nf3 Nc7 30. Nfxg5 Rd8 31. Nf3 Kf6 32. Nf4 b5 33. Rh1 Ke7
34. Rh7+ Kd6 35. Rxc7 1-0